La régula (Record no. 136825)

MARC details
000 -LEADER
campo de control de longitud fija 00595nam a2200193 4500
001 - NÚMERO DE CONTROL
campo de control 136825
003 - IDENTIFICADOR DE NÚMERO DE CONTROL
campo de control ES-MaACL
005 - FECHA Y HORA DE LA ÚLTIMA TRANSACCIÓN
campo de control 20230906195234.0
007 - CAMPO FIJO DE DESCRIPCIÓN FÍSICA--INFORMACIÓN GENERAL
campo de control de longitud fija t|
008 - DATOS DE LONGITUD FIJA--INFORMACIÓN GENERAL
campo de control de longitud fija 070214n19501959sp r ||||1| spa d
100 1# - ENTRADA PRINCIPAL--NOMBRE DE PERSONA
Nombre de persona Sagrera Durán, Rosendo.
9 (RLIN) 101458
245 13 - MENCIÓN DEL TÍTULO
Título La régula
Resto del título : cómo sacar las máximas posibilidades de esta cámara /
Mención de responsabilidad, etc. Rosendo Sagrera Durán.
260 ## - PUBLICACIÓN, DISTRIBUCIÓN, ETC.
Lugar de publicación, distribución, etc. Barcelona :
Nombre del editor, distribuidor, etc. Omega,
Fecha de publicación, distribución, etc. [195_?]
300 ## - DESCRIPCIÓN FÍSICA
Extensión 71 p., 8 lám. :
Otras características físicas il. ;
Dimensiones 16 cm.
490 1# - MENCIÓN DE SERIE
Mención de serie Foto biblioteca
830 0# - PUNTO DE ACCESO ADICIONAL DE SERIE-TÍTULO UNIFORME
Título uniforme Foto biblioteca
9 (RLIN) 181378
852 ## - LOCALIZACIÓN
Ubicación ES-MaACL
Número de control de estantería C-10782
Sublocalización o colección R.38276
Holdings
Estatus retirado Estado de pérdida Estado de daño No para préstamo Biblioteca de origen Biblioteca actual Ubicación en estantería Fecha de adquisición Fuente de adquisición Total de préstamos Signatura topográfica completa Código de barras Visto por última vez Precio de reemplazo Tipo de ítem Koha
        Biblioteca del Ateneo de Madrid Biblioteca del Ateneo de Madrid Sala Palomar 17/01/2008     C-10782 1142393 23/02/2023 23/02/2023 Libro impreso